000 00497nam a2200157Ia 4500
008 191108s9999 xx 000 0 und d
020 _a978-0-8144-3608-0
100 _aKendrick, Tom
245 _cTom Kendrick.--
_aIdentifying and managing project risk:
_bEssential tools for failure-proofing your project /
250 _a3rd ed.
260 _aNew York
_bAMACOM Books
_c2015
300 _a390 pages :
500 _aIncludes index.
650 _aProject management
650 _aRisk management
999 _c362526
_d362526